<?xml version='1.0' encoding='UTF-8'?>
  <record xmlns="http://www.loc.gov/MARC21/slim">
    <leader>00000cem a22000007i 4500</leader>
    <controlfield tag="001">ocn980375271</controlfield>
    <controlfield tag="003">OCoLC</controlfield>
    <controlfield tag="005">20250131034158.1</controlfield>
    <controlfield tag="008">991019s1858    gw        a     0   ger d</controlfield>
    <datafield tag="040" ind1=" " ind2=" ">
      <subfield code="a">QGJ</subfield>
      <subfield code="b">dut</subfield>
      <subfield code="c">QGJ</subfield>
      <subfield code="d">QGJ</subfield>
      <subfield code="d">OCLCO</subfield>
      <subfield code="d">OCLCL</subfield>
      <subfield code="d">OCLCF</subfield>
      <subfield code="d">OCLCO</subfield>
    </datafield>
    <datafield tag="035" ind1=" " ind2=" ">
      <subfield code="a">(OCoLC)980375271</subfield>
    </datafield>
    <datafield tag="084" ind1=" " ind2=" ">
      <subfield code="a">74.19</subfield>
      <subfield code="2">bcl</subfield>
    </datafield>
    <datafield tag="245" ind1="0" ind2="0">
      <subfield code="a">Carte über den Lauf des Rheins von Lauterburg bis unterhalb Sandhofen längs der badisch-bayerischen Grenze in 8 Blättern :</subfield>
      <subfield code="b">darstellend den Zustand des Stromes in den Jahren 1856-58, wie solcher in Folge der zwischen beiden Uferstaaten über die Regulierung des Stromes getroffenen Vereinbarungen seit dem Jahr 1817 bis dahin herbeigeführt wurde /</subfield>
      <subfield code="c">bearb. auf dem Technischen Bureau der Großh. Oberdirection des Wasser- und Strassenbaues ; geschrieben und gravirt von H. Straub.</subfield>
    </datafield>
    <datafield tag="246" ind1="1" ind2="4">
      <subfield code="a">Karte über den Lauf des Rheins längs der badisch-bayer'schen Grenze 1856-58</subfield>
    </datafield>
    <datafield tag="255" ind1=" " ind2=" ">
      <subfield code="a">Schaal 1:20.000.</subfield>
    </datafield>
    <datafield tag="264" ind1=" " ind2="1">
      <subfield code="a">Carlsruhe :</subfield>
      <subfield code="b">Druck von W. Creuzbauer,</subfield>
      <subfield code="c">[1858]</subfield>
    </datafield>
    <datafield tag="300" ind1=" " ind2=" ">
      <subfield code="a">1 krt. in 8 bl. + overzichtskrt., in omslag :</subfield>
      <subfield code="b">lithogr., in kleur ;</subfield>
      <subfield code="c">elk bl. 72 x 60 cm</subfield>
    </datafield>
    <datafield tag="336" ind1=" " ind2=" ">
      <subfield code="a">cartografische afbeelding</subfield>
      <subfield code="b">cri</subfield>
      <subfield code="2">rdacontent/dut</subfield>
    </datafield>
    <datafield tag="337" ind1=" " ind2=" ">
      <subfield code="a">zonder medium</subfield>
      <subfield code="b">n</subfield>
      <subfield code="2">rdamedia/dut</subfield>
    </datafield>
    <datafield tag="338" ind1=" " ind2=" ">
      <subfield code="a">vel</subfield>
      <subfield code="b">nb</subfield>
      <subfield code="2">rdacarrier/dut</subfield>
    </datafield>
    <datafield tag="500" ind1=" " ind2=" ">
      <subfield code="a">Titel op omslag: Karte über den Lauf des Rheins längs der badisch-bayer'schen Grenze 1856-58</subfield>
    </datafield>
    <datafield tag="500" ind1=" " ind2=" ">
      <subfield code="a">Blatt no. 1. Daxlanden. 2. Leopoldshafen. 3. Liedolsheim. 4. Philippsburg. 5. Speyer. 6. Ketsch. 7. Mannheim. 8. Sandhofen.</subfield>
    </datafield>
    <datafield tag="651" ind1=" " ind2="0">
      <subfield code="a">Rhine River.</subfield>
    </datafield>
    <datafield tag="651" ind1=" " ind2="6">
      <subfield code="a">Rhin (Fleuve)</subfield>
    </datafield>
    <datafield tag="651" ind1=" " ind2="7">
      <subfield code="a">Rhine River</subfield>
      <subfield code="2">fast</subfield>
    </datafield>
    <datafield tag="651" ind1=" " ind2="7">
      <subfield code="a">Rijn.</subfield>
      <subfield code="0">(NL-LeOCL)078655250.</subfield>
      <subfield code="2">gtt</subfield>
    </datafield>
    <datafield tag="655" ind1=" " ind2="7">
      <subfield code="a">Kaarten (vorm)</subfield>
      <subfield code="0">(NL-LeOCL)088143554.</subfield>
      <subfield code="2">gtt</subfield>
    </datafield>
    <datafield tag="700" ind1="1" ind2=" ">
      <subfield code="a">Straub, H.,</subfield>
      <subfield code="4">egr</subfield>
    </datafield>
    <datafield tag="700" ind1="1" ind2=" ">
      <subfield code="a">Creuzbauer, W.</subfield>
      <subfield code="4">prt</subfield>
    </datafield>
    <datafield tag="710" ind1="2" ind2=" ">
      <subfield code="a">Baden.</subfield>
      <subfield code="b">Oberdirektion des Wasser- und Strassenbaues.</subfield>
      <subfield code="b">Technisches Bureau.</subfield>
      <subfield code="4">ctg</subfield>
    </datafield>
    <datafield tag="758" ind1=" " ind2=" ">
      <subfield code="a">Phillipsburg Carte über den Lauf des Rheins von Lauterburg bis unterhalb Sandhofen längs der badisch-bayerischen Grenze Blatt 4 (CartographicMaterial)</subfield>
      <subfield code="1">https://id.oclc.org/worldcat/entity/E39PCGfrFYJXj8fvpGX7WFHRGb</subfield>
      <subfield code="4">https://id.oclc.org/worldcat/ontology/hasWork</subfield>
    </datafield>
  </record>